000 00982cam a2200265 a 4500
001 497549
003 PILC
005 20150112093441.0
008 850515s1985 nyua 001 0 eng
010 _a 85011748
020 _a0312396198
040 _aDLC
_cDLC
_dDLC
050 0 0 _aZ 285.5
_b.H63 1985
082 0 0 _aSF 070.5
_bH74 1985
100 1 _aHolt, Robert Lawrence.
_918700
245 1 0 _aHow to publish, promote, and sell your own Book /
_cRobert Lawrence Holt
260 _aNew York :
_bSt. Martin's Press,
_c1985.
300 _a366 pages :
_billustration ;
_c22 cm.
500 _aRev. ed. of: Publishing, a complete guide for schools, small presses & entrepreneurs / Robert Lawrence Holt. 1st ed. 1982.
500 _aIncludes index.
650 0 _aSelf-publishing.
_918701
700 1 _aHolt, Robert Lawrence.
_tPublishing, a complete guide for schools, small presses & entrepreneurs.
_918702
906 _a7
_bcbc
_corignew
_d1
_eocip
_f19
_gy-gencatlg
942 _2lcc
_cBK
999 _c14738
_d14738